Southville International School and Colleges
Your cart is empty.
  • Cart
  • Lists
    Public lists Eva Luna New books Lux_list list_1
    Your lists Log in to create your own lists
  • Log in to your account
  • Your cookies
  • Search history
Southville International School and Colleges
  • Advanced search
  • Recent comments
  • Most popular
  • Libraries

Log in to your account

Log in with GOOGLE


If you do not have an external account, but do have a local account, you can still log in:

  1. Home
  2. MARC view: Understanding the self :
Normal view MARC view ISBD view

Understanding the self : (Record no. 364527)

[ view plain ]
MARC details
000 -LEADER
fixed length control field 00524nam a2200169Ia 4500
003 - CONTROL NUMBER IDENTIFIER
control field 0
005 - DATE AND TIME OF LATEST TRANSACTION
control field 20250428102532.0
008 - FIXED-LENGTH DATA ELEMENTS--GENERAL INFORMATION
fixed length control field 200928s9999 xx 000 0 und d
020 ## - INTERNATIONAL STANDARD BOOK NUMBER
International Standard Book Number 978-621-406-146-4
050 ## - LIBRARY OF CONGRESS CALL NUMBER
Classification number BF 697
Item number .M343 2018
100 ## - MAIN ENTRY--PERSONAL NAME
Personal name Magalona, Ethel
245 ## - TITLE STATEMENT
Statement of responsibility, etc Ethel Magalona, Evelyn SAdsad, Elline Cruz.--
Title Understanding the self :
Remainder of title developing life skills /
260 ## - PUBLICATION, DISTRIBUTION, ETC. (IMPRINT)
Place of publication, distribution, etc Manila :
Name of publisher, distributor, etc Mindshapers Co., In.
Date of publication, distribution, etc 2018
300 ## - PHYSICAL DESCRIPTION
Extent x , 182 page :
Other physical details illustrations ;
Dimensions 25 cm.
650 ## - SUBJECT ADDED ENTRY--TOPICAL TERM
Topical term or geographic name as entry element Self.
942 ## - ADDED ENTRY ELEMENTS (KOHA)
Source of classification or shelving scheme Library of Congress Classification
Koha item type Books
Holdings
Withdrawn status Lost status Source of classification or shelving scheme Damaged status Home library Current library Shelving location Date acquired Source of acquisition Total Checkouts Full call number Barcode Date last seen Price effective from Koha item type
    Library of Congress Classification   College Library College Library Filipiniana Section 09/28/2020 Library Fund   BF 697 .M343 2018 C22636 09/28/2020 09/28/2020 Books

Understanding the self :

APA

Magalona E., . (2018). Understanding the self. Manila: Mindshapers Co., In.

Chicago

Magalona Ethel, . 2018. Understanding the self. Manila: Mindshapers Co., In.

Harvard

Magalona E., . (2018). Understanding the self. Manila: Mindshapers Co., In.

MLA

Magalona Ethel, . Understanding the self. Manila: Mindshapers Co., In. 2018.

  • Place hold
  • Print
  • Cite
  • Add to your cart (remove)
  • Save record
    BIBTEX Dublin Core MARCXML MARC (non-Unicode/MARC-8) MARC (Unicode/UTF-8) MARC (Unicode/UTF-8, Standard) MODS (XML) RIS
  • More searches
    Search for this title in:
    Other Libraries (WorldCat) Other Databases (Google Scholar) Online Stores (Bookfinder.com) Open Library (openlibrary.org)

Exporting to Dublin Core...

SOUTHVILLE LIBRARY

Southville International School and Colleges Library

1281 Tropical Ave. Cor. Luxembourg St., BF Homes International, Las Pinas City

Tel. No. 8256374 / 252358 Loc. 117/146

Powered by Koha